000 00584nam a2200217Ia 4500
003 OSt
005 20221002054605.0
006 a|||||r|||| 00| 0
007 ta
008 220930b |||||||| |||| 00| 0 eng d
024 _a65520
037 _cReference Collections
040 _aCRL
_cCRL
_beng
041 _2eng
_aeng
082 _aV495y7N12, N2.1-.2(RR)
245 0 _aKim IL Sung encyclopeadia
260 _aNew Delhi
_bVishwanath
_c1992
650 _aHISTORY
942 _hV495y7N12, N2.1-.2(RR)
_cref
_2CC
999 _c925203
_d925203